000
00476nam a2200181Ia 4500
008
090123s9999 xx 000 0 und d
082
_b
17477
100
_a
पालेकर वसंत
245
_a
वसंत
250
_a
1
260
_b
वसंत प्रकाशन
_c
1984
300
_a
80
600
_a
पालेकर वसंत
630
_a
वसंत
700
_a
पालेकर वसंत
730
_a
वसंत
942
_c
BOOK
999
_c
55536
_d
55536